Statistics for Bahrain... or Brunei?

Click here to take the quiz!

General Stats

  • This quiz has been taken 936 times
    (542 since last reset)
  • The average score is 9 of 15

Answer Stats

QuestionAnswer% Correct
Is a majority Muslim nationBoth
77%
It’s coat of arms is on its flagBrunei
75%
A river runs through its capital cityBrunei
74%
Has the larger GDP of the twoBahrain
71%
Is a form of a monarchyBoth
70%
Has the higher life expectancyBahrain
65%
Is the wealthier of the two (GDP per capita)Bahrain
65%
It’s country name means “two seas” in its native languageBahrain
59%
Has only one land borderBrunei
58%
Used to be under British ruleBoth
53%
Is the younger nation of the twoBrunei
52%
Is completely in the northern hemisphereBoth
44%
Oil accounts for over 50% of the country's exportsBoth
42%
Has the higher literacy rate of the twoBrunei
35%
Has an area of under 500 square milesBahrain
31%

Score Distribution

Percentile by Number Answered

Percent of People with Each Score

Your Score History

You have not taken this quiz since the last reset